NFL Top 10 Passing Touchdowns 2020s - Statistics

General Stats
  • This quiz has been taken 82 times
  • The average score is 63 of 64
Answer Stats
Year Team Player % Correct
2025: 4 Cowboys Dak Prescott
100%
2023: 1 Cowboys Dak Prescott
100%
2021: 5 Cowboys Dak Prescott
100%
2025: 2 Lions Jared Goff
100%
2024: 4 Lions Jared Goff
100%
2023: 4 Lions Jared Goff
100%
2022: 6 Lions Jared Goff
100%
2025: 1 Rams Matthew Stafford
100%
2021: 2 Rams Matthew Stafford
100%
2024: 7 Jets Aaron Rodgers
99%
2022: 7 Packers Aaron Rodgers
99%
2021: 4 Packers Aaron Rodgers
99%
2020: 1 Packers Aaron Rodgers
99%
2025: 8 Buccaneers Baker Mayfield
99%
2024: 2 Buccaneers Baker Mayfield
99%
2023: 7 Buccaneers Baker Mayfield
99%
2025: 10 Broncos Bo Nix
99%
2024: 6 Broncos Bo Nix
99%
2025: 3 Patriots Drake Maye
99%
2025: 10 Eagles Jalen Hurts
99%
2024: 1 Bengals Joe Burrow
99%
2022: 2 Bengals Joe Burrow
99%
2021: 8 Bengals Joe Burrow
99%
2024: 10 Packers Jordan Love
99%
2023: 2 Packers Jordan Love
99%
2025: 10 Bills Josh Allen
99%
2024: 8 Bills Josh Allen
99%
2023: 6 Bills Josh Allen
99%
2022: 3 Bills Josh Allen
99%
2021: 7 Bills Josh Allen
99%
2020: 5 Bills Josh Allen
99%
2025: 7 Chargers Justin Herbert
99%
2022: 8 Chargers Justin Herbert
99%
2021: 3 Chargers Justin Herbert
99%
2020: 10 Chargers Justin Herbert
99%
2024: 3 Ravens Lamar Jackson
99%
2024: 9 Chiefs Patrick Mahomes
99%
2023: 8 Chiefs Patrick Mahomes
99%
2022: 1 Chiefs Patrick Mahomes
99%
2021: 6 Chiefs Patrick Mahomes
99%
2020: 4 Chiefs Patrick Mahomes
99%
2023: 9 Broncos Russell Wilson
99%
2020: 3 Seahawks Russell Wilson
99%
2025: 9 Seahawks Sam Darnold
99%
2024: 5 Vikings Sam Darnold
99%
2022: 9 Buccaneers Tom Brady
99%
2021: 1 Buccaneers Tom Brady
99%
2020: 2 Buccaneers Tom Brady
99%
2025: 5 Jaguars Trevor Lawrence
99%
2022: 10 Jaguars Trevor Lawrence
99%
2023: 5 Dolphins Tua Tagovailoa
99%
2022: 10 Dolphins Tua Tagovailoa
99%
2023: 3 49ers Brock Purdy
97%
2025: 6 Bears Caleb Williams
97%
2022: 4 Seahawks Geno Smith
97%
2022: 5 Vikings Kirk Cousins
97%
2021: 9 Vikings Kirk Cousins
97%
2020: 6 Vikings Kirk Cousins
97%
2024: 10 Commanders Jayden Daniels
95%
2020: 9 Steelers Ben Roethlisberger
92%
2023: 10 Saints Derek Carr
92%
2020: 8 Titans Ryan Tannehill
91%
2020: 7 Texans Deshaun Watson
89%
2021: 10 Colts Carson Wentz
68%
No matching quizzes found
Score Distribution
Percent of People with Each Score
Percentile by Number Answered
Your Score History
You have not taken this quiz